000
00302nam a2200121Ia 4500
008
190216s9999||||xx |||||||||||||| ||und||
100
_a
"Banerjee, Nair R.K & 
 Agarwal"
245
0
_a
Financial Management
260
_b
Pragathi Prakashan
300
_a
385
650
_a
Commerce
942
_c
BK
999
_c
7077
_d
7077